LEADER 00759nam0-22002771i-450- 001 990000044820403321 035 $a000004482 035 $aFED01000004482 035 $a(Aleph)000004482FED01 035 $a000004482 100 $a20011111d--------km-y0itay50------ba 101 0 $aita 105 $ay-------001yy 200 1 $aEUROPE$fpreface by Adrien Lachenal. 210 $aGeneva$cNagel publishers$d1956 215 $aXXXII, 1019 p.$cill., tav, 128 c. geogr. 16 cm 225 1 $a<>Nagel travel guide series 610 0 $aEuropa$aGuide turistiche 676 $a914.04 801 0$aIT$bUNINA$gRICA$2UNIMARC 901 $aBK 912 $a990000044820403321 952 $a13 G 52 31$b21727$fFINBC 959 $aFINBC 997 $aUNINA DB $aING01 LEADER 01022nam0 22002771i 450 001 UON00312254 005 20231205104100.753 010 $a978-88-600-8154-4 100 $a20080612d2007 |0itac50 ba 101 $aita 102 $aIT 105 $a|||| ||||| 200 1 $aˆLa ‰memoria pubblica$etrauma culturale, nuovi confini e identità nazionali$fa cura di Marita Rampazi, Anna Lisa Tota 210 $aTorino$cUtet$d2007 215 $aXVIII, 179 p.$d24 cm. 606 $aMEMORIA$xStudi$3UONC035974$2FI 620 $aIT$dTorino$3UONL000014 702 1$aRampazi$bMarita$3UONV161434 702 1$aTota$bAnna Lisa$3UONV161435 712 $aUtet$3UONV246439$4650 801 $aIT$bSOL$c20250214$gRICA 899 $aSIBA - SISTEMA BIBLIOTECARIO DI ATENEO$2UONSI 912 $aUON00312254 950 $aSIBA - SISTEMA BIBLIOTECARIO DI ATENEO$dSI A 2.0 0151 $eSI SC 43994 5 0151 $sBuono 996 $aMemoria pubblica$91375105 997 $aUNIOR